000 00317nam a22001337a 4500
020 _a81-8022-083-4
082 _a000
_bPRI/GRO
100 _aPRIORITY PUBLICATIONS
245 _aAT THE GROCER'S
260 _aINDIA
_bPRIORITY PUBLICATIONS
300 _a12
650 _aMY LITTLE BOOK OF VOCABULARY
_zINDIA
942 _cBK
999 _c4646
_d4646